Quizzes
Events
Quiz Creation
Community
Videos
Private Events
Remove Ads
Sign In
Join for FREE
Feedback
Dark Mode
Quiz Categories
Sports
Geography
Music
Movies
Television
Just For Fun
Miscellaneous
History
Literature
Language
Science
Gaming
Entertainment
Religion
Holiday
For Kids
Quiz Lab
Recent
Popular Today
Quiz Kudos Today
Editor Picks
Curator Picks
Quizzes by...
Day
Popularity
Type
Ratings
Length
Year
Community
Subscriptions
Recent Discussions
Orange Saloon
Badges
Playlists
Quests
Create
Leaderboards
Showdown
Live 5
Trivia Bingo
Activity
Puzzle Library
Sporcle Events
Private Events
Virtual Trivia
Globe League
Become a Host
Pub Owners
SporcleCon
Opinionation
Our Games
Videos
Blog
Mobile Apps
Partnerships
Remove Ads and Go Orange
Feedback
Sports
Athletes
MLB
NBA
NHL
NFL
Soccer
Sports Teams
WWE
NCAA
Football
Premier League
Basketball
Baseball
Hockey
Golf
Tennis
Cricket
Rugby
Auto Racing
Olympics
World Cup
Sports
Athletes
MLB
NBA
NHL
NFL
Soccer
Sports Teams
WWE
NCAA
Football
Premier League
Basketball
Baseball
Hockey
Golf
Tennis
Cricket
Rugby
Auto Racing
Olympics
World Cup
Random Quiz
Search Sporcle
×
Quiz Lab
Quiz Lab
Sports
Athletes
Type in answers that appear in a list
Type in answers that appear in a list
Classic
Best Score? Go Orange.
Winter Olympic Medalists of Finland since 1972 Stats
Can you name the Winter Olympic Medalists of Finland since 1972?
By
lyyssos
20m
148 Questions
184 Plays
184 Plays
184 Plays
Comments
Comments
Give Quiz Kudos
Give Quiz Kudos
-
- Ratings
hide this ad
Replay
Link that replays current quiz
Next Quiz
Link to next quiz in quiz playlist
You Got
0%
They Got
Avg Score
55%
Avg Friend Score
Upgrade to see
Score Distribution
Jump to the score distribution portion of the page
Score
0/148
Timer
20:00
0
Plays Today
Olympics
Athlete
% Correct
Sarajevo 1984
Marja-Liisa Hämäläinen
89.6%
Sarajevo 1984
Marja-Liisa Hämäläinen
89.6%
Sarajevo 1984
Marja-Liisa Hämäläinen
89.6%
Sarajevo 1984
Marja-Liisa Hämäläinen
89.6%
Calgary 1988
Marja-Liisa Kirvesniemi
89.6%
Sarajevo 1984
Matti Nykänen
89%
Sarajevo 1984
Matti Nykänen
89%
Calgary 1988
Matti Nykänen
89%
Calgary 1988
Matti Nykänen
89%
Calgary 1988
Matti Nykänen
89%
Lake Placid 1980
Harri Kirvesniemi
87.9%
Sarajevo 1984
Harri Kirvesniemi
87.9%
Sarajevo 1984
Harri Kirvesniemi
87.9%
Albertville 1992
Harri Kirvesniemi
87.9%
Lillehammer 1994
Mika Myllylä
87.9%
Lillehammer 1994
Mika Myllylä
87.9%
Lillehammer 1994
Mika Myllylä
87.9%
Lillehammer 1994
Harri Kirvesniemi
87.9%
Nagano 1998
Mika Myllylä
87.9%
Nagano 1998
Mika Myllylä
87.9%
Nagano 1998
Harri Kirvesniemi
87.9%
Nagano 1998
Mika Myllylä
87.9%
Salt Lake City 2002
Janne Ahonen
85.2%
Torino 2006
Janne Ahonen
85.2%
Nagano 1998
Hannu Manninen
83.5%
Salt Lake City 2002
Hannu Manninen
83.5%
Torino 2006
Hannu Manninen
83.5%
Vancouver 2012
Pirjo Muranen
83.5%
Nagano 1998
Samppa Lajunen
81.9%
Nagano 1998
Samppa Lajunen
81.9%
Salt Lake City 2002
Samppa Lajunen
81.9%
Salt Lake City 2002
Samppa Lajunen
81.9%
Salt Lake City 2002
Samppa Lajunen
81.9%
Albertville 1992
Jari Isometsä
81.3%
Lillehammer 1994
Jari Isometsä
81.3%
Nagano 1998
Jari Isometsä
81.3%
Albertville 1992
Toni Nieminen
80.8%
Albertville 1992
Toni Nieminen
80.8%
Albertville 1992
Toni Nieminen
80.8%
Torino 2006
Aino-Kaisa Saarinen
78.6%
Vancouver 2012
Aino-Kaisa Saarinen
78.6%
Vancouver 2012
Aino-Kaisa Saarinen
78.6%
Innsbruck 1976
Juha Mieto
78%
Lake Placid 1980
Juha Mieto
78%
Lake Placid 1980
Juha Mieto
78%
Lake Placid 1980
Juha Mieto
78%
Sarajevo 1984
Juha Mieto
78%
Torino 2006
Virpi Kuitunen
74.7%
Vancouver 2012
Virpi Kuitunen
74.7%
Salt Lake City 2002
Matti Hautamäki
74.2%
Olympics
Athlete
% Correct
Salt Lake City 2002
Matti Hautamäki
74.2%
Torino 2006
Matti Hautamäki
74.2%
Torino 2006
Matti Hautamäki
74.2%
Nagano 1998
Jani Soininen
68.7%
Nagano 1998
Jani Soininen
68.7%
Sarajevo 1984
Marjo Matikainen
67.6%
Calgary 1988
Marjo Matikainen
67.6%
Calgary 1988
Marjo Matikainen
67.6%
Calgary 1988
Marjo Matikainen
67.6%
Calgary 1988
Ari-Pekka Nikkola
67%
Albertville 1992
Ari-Pekka Nikkola
67%
Torino 2006
Tanja Poutiainen
66.5%
Salt Lake City 2002
Jaakko Tallus
65.4%
Salt Lake City 2002
Jaakko Tallus
65.4%
Torino 2006
Markku Uusipaavalniemi
65.4%
Torino 2006
Jaakko Tallus
65.4%
Lake Placid 1980
Jari Puikkonen
63.2%
Sarajevo 1984
Jari Puikkonen
63.2%
Calgary 1988
Jari Puikkonen
63.2%
Vancouver 2012
Riitta-Liisa Roponen
60.4%
Nagano 1998
Jari Mantila
58.8%
Salt Lake City 2002
Jari Mantila
58.8%
Torino 2006
Anssi Koivuranta
57.7%
Nagano 1998
Janne Lahtela
56%
Salt Lake City 2002
Janne Lahtela
56%
Albertville 1992
Mika Laitinen
53.3%
Sarajevo 1984
Pirkko Määttä
52.2%
Calgary 1988
Pirkko Määttä
52.2%
Vancouver 2012
Peetu Piiroinen
50%
Lillehammer 1994
Men's ice hockey team
48.4%
Nagano 1998
Men's ice hockey team
48.4%
Nagano 1998
Women's ice hockey team
48.4%
Torino 2006
Men's ice hockey team
48.4%
Vancouver 2012
Men's ice hockey team
48.4%
Vancouver 2012
Women's ice hockey team
48.4%
Calgary 1988
Hockey team
46.7%
Albertville 1992
Jari Räsänen
44.5%
Lillehammer 1994
Jari Räsänen
44.5%
Albertville 1992
Marjut Lukkarinen
44%
Sapporo 1972
Heikki Ikola
42.9%
Innsbruck 1976
Heikki Ikola
42.9%
Innsbruck 1976
Heikki Ikola
42.9%
Salt Lake City 2002
Risto Jussilainen
42.3%
Sapporo 1972
Helena Takalo
41.8%
Innsbruck 1976
Helena Takalo
41.8%
Innsbruck 1976
Helena Takalo
41.8%
Innsbruck 1976
Helena Takalo
41.8%
Lake Placid 1980
Helena Takalo
41.8%
Sarajevo 1984
Jukka Ylipulli
41.2%
Calgary 1988
Tuomo Ylipulli
41.2%
Olympics
Athlete
% Correct
Torino 2006
Janne Happonen
40.1%
Nagano 1998
Sami Repo
39%
Salt Lake City 2002
Veli-Matti Lindström
37.4%
Nagano 1998
Ville Räikkönen
36.3%
Torino 2006
Tami Kiuru
35.2%
Lake Placid 1980
Hilkka Riihivuori
34.1%
Lake Placid 1980
Hilkka Riihivuori
34.1%
Lake Placid 1980
Jouko Törmänen
33.5%
Calgary 1988
Jaana Savolainen
32.4%
Albertville 1992
Risto Laakkonen
31.9%
Torino 2006
Markku Koski
31.9%
Sarajevo 1984
Aki Karvonen
31.3%
Sarajevo 1984
Aki Karvonen
31.3%
Sarajevo 1984
Aki Karvonen
31.3%
Torino 2006
Mikko Ronkainen
30.2%
Innsbruck 1976
Pertti Teurajärvi
29.7%
Innsbruck 1976
Arto Koivisto
29.7%
Innsbruck 1976
Arto Koivisto
29.7%
Lake Placid 1980
Pertti Teurajärvi
29.7%
Lake Placid 1980
Jouko Karjalainen
27.5%
Sarajevo 1984
Jouko Karjalainen
27.5%
Torino 2006
Wille Mäkelä
27.5%
Innsbruck 1976
Matti Pitkänen
26.9%
Lake Placid 1980
Matti Pitkänen
26.9%
Albertville 1992
Harri Eloranta
25.8%
Nagano 1998
Sami Mustonen
25.8%
Sapporo 1972
Marjatta Kajosmaa
23.6%
Sapporo 1972
Marjatta Kajosmaa
23.6%
Sapporo 1972
Marjatta Kajosmaa
23.6%
Innsbruck 1976
Marjatta Kajosmaa
23.6%
Sapporo 1972
Rauno Miettinen
22.5%
Torino 2006
Antti Kuisma
22%
Sarajevo 1984
Kari Ristanen
20.9%
Sapporo 1972
Hilkka Kuntola
20.3%
Innsbruck 1976
Hilkka Kuntola
20.3%
Sapporo 1972
Juhani Suutarinen
19.2%
Innsbruck 1976
Juhani Suutarinen
19.2%
Albertville 1992
Mika Kuusisto
18.7%
Nagano 1998
Tapio Nurmela
16.5%
Torino 2006
Kalle Kiiskinen
15.9%
Torino 2006
Teemu Salo
12.6%
Sarajevo 1984
Eija Hyytiäinen
11.5%
Sapporo 1972
Mauri Röppänen
11%
Sapporo 1972
Esko Saira
9.9%
Innsbruck 1976
Esko Saira
9.9%
Torino 2006
Jani Sullanmaa
9.9%
Innsbruck 1976
Henrik Flöjt
9.3%
Innsbruck 1976
Liisa Suihkonen
8.8%
Quiz Playlist
Details
Report
Send in Message
Add To Playlist
Classic:
Type in answers that appear in a list
Last Updated: Feb 16, 2017
Quiz Scoreboard
CHALLENGE
Sign Up to Join the Scoreboard
Show All
Scores
Hide
Comments
May contain spoilers
Recently Published
NBA Finals Game Top Scorers (2010s)
by flibbidy
Sports
5m
Guess the 'R' Things in 3 Words
by MSUKent
Miscellaneous
3m
Actor to Badly Drawn Movie III
by MoMosMoProblems
Movies
5m
More to Explore
Quiz From the Vault
Featured Blog Post
Where Does Lost Luggage Go?
hide this ad
You Might Also Like...
Tags
Athletes Quiz
1972
Finland
Medal
Medalist
Winter
Today's Top Quizzes in Sports
Browse Sports
hide this ad
Today's Top Quizzes in Athletes
Browse Athletes
Top Contributed Quizzes in Sports
1
Les joueurs à 100 buts en Ligue 1 Uber Eats
2
2022 World Cup Stars
3
2024 March Madness Bracket
4
Millionaire: NBA Finals Edition
5
Players with Multiple 50 Home Run Seasons
6
Nickname Match: Athletes VI
7
Criteria MLB: Left Handed Sluggers
8
Iconic Moments in Football - Multiple Choice
9
NFL MVPs ordered
10
First NBA MVP by Team
Explore More
Trending Topics
Marvel
Disney
Kpop
Anime
Crossword
NBA
Harry Potter
Pokémon
Song
The Office
NFL
Country
Puzzle
Soccer
WWE
hide this ad
More By:
lyyssos
Quiz
Plays
Rating
Category
Featured
Created
Sm Liiga goalies 90's
970
5.00
Sports
Feb 23, 2010
Detroit Red Wings A-Z
471
4.00
Sports
Dec 22, 2010
Edmonton Oilers A-Z
371
4.25
Sports
Dec 30, 2010
Summer Olympic Medalists of Finland since 1972
305
Sports
Nov 6, 2012
Philadelphia Flyers A-Z
285
5.00
Sports
Mar 27, 2011
Go to Creator's Profile
Score Distribution
Quiz Creator Spotlight
lyyssos
Follow
Send a Message
Quizzes Created
-
Created Quiz Play Count
-
More By This Creator
Popular Quizzes Today
1
Find the US States - No Outlines Minefield
2
Find the US States
3
The Countries of the World
4
10 Largest US States in Order
5
Find the Countries of Europe - No Outlines Minefield
6
US States
7
Guess the 'R' Things in 3 Words
8
NBA Finals Game Top Scorers (2010s)
More Sports Quizzes
Gimme Five: WWE (2023)
Curator's Pick
Trending Quizzes
First Name TV: Leading Men
Match the Book to the Film II
First Name TV: Leading Women Drama
3-Word Movies in 1 Word II
Match the Book to the Film VI
Recently Updated
Women's Final Four Teams by Year
bhenderson79
Presidents Quartet II
eogle
Anything But Clue(do)
eogle
Anything But Oceanian Capitals
eogle
Anything But 7
eogle
Anything But Thing
eogle
Word Ladder: February 29
pecheneg
Song Title Questions
pecheneg
Women's NCAA Tournament #1 Seeds
pecheneg
Celebrity Mug Shots
pecheneg
Trending Topics
Harry Potter
Disney
Crossword
Kpop
Marvel
Anime
NBA
Puzzle
Pokémon
The Office
Song
NFL
Country
WWE
Soccer
Your Account Isn't Verified!
In order to create a playlist on Sporcle, you need to verify the email address you used during registration. Go to your
Sporcle Settings
to finish the process.
Report this User
Report this user for behavior that violates our
Community Guidelines
.
Details:
Send Report
Go to the Sporcle.com Mobile Site →
Comments